=LDR 00000nam 2200000 4500 =001 INLIS000000000002195 =005 20130612090542 =008 ***********************************Ind** =035 ##$$0010-061300000002195 =041 ##$$a Ind =082 ##$$a 959.8 =090 ##$$a 959.8, Han m =100 ##$$a Hanafi,A.M =245 ##$$a Menteng 31, markas pemuda revolusioner angkatan 45, membangun jembatan dua angkatan, A.M Hanafi =260 ##$$a 1996 $b Jakarta =300 ##$$a xvi,284 hlm., 21 cm =650 ##$$a Indonesia =650 ##$$a Sejarah =850 ##$$a NBPNMAT